00946nam a2200217Ia 4500003000900000008004100009020001800050040001600068080002200084111010500106245028100211260005800492300001700550490003600567650003100603650001400634650001300648700002100661700002300682700002300705IN-BaIIA211028s9999 xx 000 0 eng d a1-886733-94-5 cIIA Library a082.2:52bASP-172 aASP Conference on Astronomical Data Analysis Software and Systems VIIIcIllinois, USAd1998 Nov. 1-4 0aAstronomical data analysis software and systems VIIIbproceedings of ASP conference on astronomical data analysis software and systems VIII, held in Illinois, USA, 1-4 Nov 1998cedited by D. M. Mehringer, R, L.Plante and D. A. Roberts  aCaliforniabAstronomical Society of the Pacificc1999 axxxix, 519p. aASP conference series; vol. 172 aastronomical data analysis aastronomy asoftware aMehringer, D. M. aPlante, R, L., ed. aRoberts, D. A., ed